00699cam a2200241 a 450000100060000000300080000600500170001400800410003102000150007203500190008704000320010604100080013808200230014610000200016924500610018925000120025026000370026230000340029950400530033365000230038665000240040970000240043325330BD-RjUL20211209050850.0140318s1982 ilua b 001 0 eng  a0030592429 a(BD-RjUL)25399 aDLCcDLCdDLCdBD-RjULbeng aeng00a658.8342bENC 19821 aEngel, James F.10aConsumer behavior /cJames F. Engel, Roger D. Blackwell. a4th ed. aChicago :bDryden Press,cc1982. avii, 690 p. :bill. ;c25 cm. aIncludes bibliographical references and indexes. 0aConsumer behavior. 0aMarketing research.1 aBlackwell, Roger D.